Plantas medicinales de Caldas : (Registro nro. 2044)

Detalles MARC
000 -CABECERA
Campo de control 00732cam a2200229 a 4500
005 - FECHA Y HORA DE LA ULTIMA TRANSACCION
Campo de control 20160212152530.0
008 - ELEMENTOS DE LONGITUD FIJA—INFORMACION GENERAL
Campo de control 890622s1972 ck r ????1??spa d
040 ## - FUENTE DE CATALOGACIÓN
Agencia catalogadora original la
Agencia transcriptora la
Agencia Modificadora CO-BoIAVH
041 0# - IDIOMA
Código de idioma para texto/pista de sonido o título separado Español
044 ## - PAÍS DE PUBLICACIÓN
País de publicación Colombia
082 04 - NUMERO DE CLASIFICACION DECIMAL DEWEY
Número de clasificación 581.634
Número del ítem L66p
100 1# - ASIENTO PRINCIPAL--NOMBRE PERSONAL
Nombre personal López López, Héctor.
9 (RLIN) 14284
245 10 - MENCION DE TITULO
Título Plantas medicinales de Caldas :
Parte restante del título apuntes para el folclore y Civilización de la guadua /
Mención de responsabilidad Héctor López López.
260 ## - PUBLICACION, DISTRIBUCION, ETC. (PIE DE IMPRENTA)
Lugar de publicación, distribución, etc. Manizales :
Nombre del editor, distribuidor, etc. Séptina Epoca,
Fecha de publicación, distribución, etc. [1972].
300 ## - DESCRIPCION FISICA
Extensión 237 páginas ;
Dimensiones 21 cm.
504 ## - NOTA DE BIBLIOGRAFIA, ETC.
Nota de bibliografía Bibliografía : páginas 235-237.
650 #6 - ASIENTO SECUNDARIO DE MATERIA - TERMINO TEMATICO
Término temático o nombre geográfico como elemento de entrada Botánica
Subdivisión general Medicina
9 (RLIN) 59112
650 #6 - ASIENTO SECUNDARIO DE MATERIA - TERMINO TEMATICO
Término temático o nombre geográfico como elemento de entrada Plantas medicinales
9 (RLIN) 59113
650 #6 - ASIENTO SECUNDARIO DE MATERIA - TERMINO TEMATICO
Término temático o nombre geográfico como elemento de entrada Guadua.
9 (RLIN) 59114
942 ## - ELEMENTOS ADICIONALES (KOHA)
Sistema de clasificación Dewey Decimal Classification
Tipo de ítem Libro
949 ## - LOCAL PROCESSING INFORMATION (OCLC)
a c
b c
Existencias
Withdrawn status Lost status Sistema de Clasificación Damaged status No para préstamo Colección Inventariado Ubicación Permanente Ubicación actual Fecha de adquisición Fuente de Valor Valor Total Checkouts Número topográfico Inventario / Código de Barras Date last seen Ejemplar Price effective from Tipo de material Public note
    Dewey Decimal Classification   No para Préstamo General Inventariado 2017 Bogotá Bogotá 29/01/2001 Instituto 39000.00   LB-581.634 L66p Fuera de circulación 002539 04/12/2012 Ej. 1 04/12/2012 Libro Disponible en fotocopia. Sólo para consulta en sala.